000 00441nam a2200181Ia 4500
001 18103
005 20260306171606.0
008 260306s9999||||xx |||||||||||||| ||und||
041 _aESP
082 _a658.4012
_bC76
100 _aCommarmond, Gisele
_eAUT
245 0 _aCómo fijar objetivos y evaluar resultados
260 _c2001
300 _a166 páginas :
_c24 cm.
650 _aGEN
654 _aCAN
942 _cLIB
_dJUS
_fJUS
_2ddc
_n
999 _c18103
_d18103